Math 87 : (Record no. 933)
[ view plain ]
| 000 -LEADER | |
|---|---|
| fixed length control field | 00737nam a2200229 4500 |
| 003 - CONTROL NUMBER IDENTIFIER | |
| control field | OSt |
| 005 - DATE AND TIME OF LATEST TRANSACTION | |
| control field | 20200618114516.0 |
| 008 - FIXED-LENGTH DATA ELEMENTS--GENERAL INFORMATION | |
| fixed length control field | 200618b ||||| |||| 00| 0 eng d |
| 020 ## - INTERNATIONAL STANDARD BOOK NUMBER | |
| International Standard Book Number | 0939798549 |
| 040 ## - CATALOGING SOURCE | |
| Original cataloging agency | KABLIB |
| Transcribing agency | KABLIB |
| Modifying agency | KABLIB |
| 082 ## - DEWEY DECIMAL CLASSIFICATION NUMBER | |
| Edition number | 23 |
| Classification number | 510 |
| Item number | HAK |
| 100 ## - MAIN ENTRY--PERSONAL NAME | |
| Personal name | Hake, Stephen |
| Relator term | Author |
| 9 (RLIN) | 2895 |
| 240 ## - UNIFORM TITLE | |
| Uniform title | an incremental development / |
| 245 ## - TITLE STATEMENT | |
| Title | Math 87 : |
| Remainder of title | an incremental development / |
| Statement of responsibility, etc. | Stephen Hake, John H. Saxon; edited by Nancy Warren. |
| 260 ## - PUBLICATION, DISTRIBUTION, ETC. | |
| Place of publication, distribution, etc. | Norman, Ok : |
| Name of publisher, distributor, etc. | Saxon Publishers, |
| Date of publication, distribution, etc. | c1997. |
| 300 ## - PHYSICAL DESCRIPTION | |
| Extent | ix, 670 p. : |
| Other physical details | ill. ; |
| Dimensions | 26 cm. |
| 500 ## - GENERAL NOTE | |
| General note | Includes index. |
| 500 ## - GENERAL NOTE | |
| General note | Includes glossary. |
| 700 ## - ADDED ENTRY--PERSONAL NAME | |
| Personal name | Saxon, John H. |
| Relator term | Joint Author |
| 9 (RLIN) | 2896 |
| 700 ## - ADDED ENTRY--PERSONAL NAME | |
| Personal name | Warren, Nancy. |
| Relator term | Editor |
| 9 (RLIN) | 2897 |
| 942 ## - ADDED ENTRY ELEMENTS (KOHA) | |
| Source of classification or shelving scheme | Dewey Decimal Classification |
| Koha item type | Book |
| Withdrawn status | Lost status | Source of classification or shelving scheme | Damaged status | Not for loan | Home library | Current library | Shelving location | Date acquired | Total Checkouts | Full call number | Barcode | Date last seen | Price effective from | Koha item type |
|---|---|---|---|---|---|---|---|---|---|---|---|---|---|---|
| Dewey Decimal Classification | Education Library | Education Library | Open Access Section | 18.06.2020 | 510 HAK | 2616 | 18.06.2020 | 18.06.2020 | Book | |||||
| Dewey Decimal Classification | Education Library | Education Library | Open Access Section | 19.06.2020 | 510 HAK | 2615 | 19.06.2020 | 19.06.2020 | Book | |||||
| Dewey Decimal Classification | Education Library | Education Library | Reserve Section | 28.10.2020 | 510 HAK | 2617 | 28.10.2020 | 28.10.2020 | Book |